[Event "Klatovy op-B 23rd"]
[Site "Klatovy"]
[Date "2017.07.09"]
[Round "9"]
[White "Velkoborsky, Tadeas"]
[Black "Flajsman, Zdenek"]
[Result "0-1"]
[WhiteElo "1077"]
[BlackElo "1468"]
[PlyCount "90"]
[EventDate "2017.07.01"]
[EventType "swiss"]
[EventRounds "9"]
[EventCountry "CZE"]
[SourceTitle "EXT 2018"]
[Source "ChessBase"]
[SourceDate "2017.10.13"]
[SourceVersion "1"]
[SourceVersionDate "2017.10.13"]
[SourceQuality "1"]

1. e4 c6 2. Nf3 d5 3. exd5 cxd5 4. Bb5+ Bd7 5. Bxd7+ Nxd7 6. Nc3 e6 7. 0-0 Ngf6 8. d3 h6 9. Be3 Be7 10. h3 0-0 11. Qd2 Nh7 12. Rae1 a6 13. a3 Rc8 14. Re2 b5 15. b4 Rc6 16. Bf4 Bd6 17. Be5 Nxe5 18. Nxe5 Bxe5 19. Rxe5 Qc7 20. Re3 Rxc3 21. Rg3 Kh8 22. Qe3 Rxc2 23. Qd4 f6 24. Re1 Rc1 25. Rxc1 Qxc1+ 26. Kh2 Qc6 27. Qg4 Rf7 28. Qh5 Qd7 29. Qg6 e5 30. f3 Ng5 31. h4 Ne6 32. Qf5 Nf4 33. Qxd7 Rxd7 34. Rg4 Nxd3 35. g3 Nf2 36. Rg6 Kh7 37. Rg4 Nxg4+ 38. fxg4 e4 39. Kg2 d4 40. Kf2 d3 41. Ke1 e3 42. Kd1 d2 43. Kc2 d1Q+ 44. Kb2 Rd2+ 45. Kc3 Qc2# 0-1

[Event "Klatovy op-B 23rd"]
[Site "Klatovy"]
[Date "2017.07.06"]
[Round "6"]
[White "Flajsman, Zdenek"]
[Black "Parpel, Petr"]
[Result "0-1"]
[WhiteElo "1468"]
[BlackElo "1758"]
[PlyCount "50"]
[EventDate "2017.07.01"]
[EventType "swiss"]
[EventRounds "9"]
[EventCountry "CZE"]
[SourceTitle "EXT 2018"]
[Source "ChessBase"]
[SourceDate "2017.10.13"]
[SourceVersion "1"]
[SourceVersionDate "2017.10.13"]
[SourceQuality "1"]

1. e4 c5 2. Nf3 d6 3. d4 cxd4 4. Nxd4 a6 5. Bc4 Nf6 6. Nc3 e6 7. Nf3 Qc7 8. Bb3 Be7 9. 0-0 0-0 10. a4 Nc6 11. Re1 b6 12. h3 Bb7 13. Bf4 Rad8 14. Qc1 Nd7 15. Nd2 Bf6 16. Nc4 Nce5 17. Nxe5 Nxe5 18. Be3 Nd7 19. f3 Bxc3 20. bxc3 Qxc3 21. Qd2 Qxd2 22. Bxd2 Nc5 23. Rf1 d5 24. exd5 Bxd5 25. Rfe1 Bxb3 0-1

[Event "Klatovy op-B 22nd"]
[Site "Klatovy"]
[Date "2016.07.07"]
[Round "6"]
[White "Chmelik, Ladislav"]
[Black "Flajsman, Zdenek"]
[Result "1-0"]
[WhiteElo "1762"]
[BlackElo "1457"]
[PlyCount "120"]
[EventDate "2016.07.02"]
[EventType "swiss"]
[EventRounds "9"]
[EventCountry "CZE"]
[SourceTitle "EXT 2019"]
[Source "ChessBase"]
[SourceDate "2018.10.10"]
[SourceVersion "1"]
[SourceVersionDate "2018.10.10"]
[SourceQuality "1"]

1. e4 e5 2. Nf3 d6 3. d4 Nd7 4. dxe5 dxe5 5. Bc4 Be7 6. Qd5 Bb4+ 7. c3 Qe7 8. cxb4 Ngf6 9. Qd3 Qxb4+ 10. Bd2 Qb6 11. Nc3 c6 12. h3 0-0 13. Qc2 Qc7 14. 0-0 b5 15. Bd3 a6 16. a3 Bb7 17. Bg5 h6 18. Bxf6 Nxf6 19. b4 Nh5 20. g3 Bc8 21. Kg2 Rd8 22. Rh1 Be6 23. Be2 Nf6 24. Rad1 Rdc8 25. Nb1 a5 26. Qc5 Nxe4 27. Qxe5 Qxe5 28. Nxe5 Bd5 29. Bf3 f5 30. Nd7 Ra6 31. Nc5 Ra7 32. Nd2 Nc3 33. Bxd5+ Nxd5 34. Nd3 axb4 35. axb4 Ra2 36. Kf3 Rc2 37. Nb3 Rc3 38. Nbc5 Nxb4 39. Kf4 g6 40. Nxb4 Rxc5 41. Rc1 Rxc1 42. Rxc1 Kf7 43. Nxc6 Kf6 44. Rc2 g5+ 45. Ke3 Rc7 46. Kd4 h5 47. Kd5 Rb7 48. Rb2 f4 49. g4 hxg4 50. hxg4 Rh7 51. f3 Rg7 52. Rxb5 Rg8 53. Kd4 Rg7 54. Rf5+ Kg6 55. Ne5+ Kh6 56. Rf6+ Kh7 57. Rf7 Rxf7 58. Nxf7 Kg6 59. Nd6 Kh6 60. Ke5 Kg6 1-0